[Event "Bled Olympiad"]
[Site "Bled SLO"]
[Date "2002.10.30"]
[EventDate "2002.10.26"]
[Round "5"]
[Result "1-0"]
[White "Faruk Bistric"]
[Black "Robert Kempinski"]
[WhiteElo "2484"]
[BlackElo "2532"]
[PlyCount "133"]

1. Nf3 Nf6 2. g3 d5 3. Bg2 g6 4. c4 Bg7 5. O-O O-O 6. cxd5
Nxd5 7. d4 Nb6 8. Nc3 Nc6 9. Qc2 a5 10. Rd1 Bf5 11. e4 Bg4
12. Ne2 Qd7 13. Be3 Nb4 14. Qc1 a4 15. h3 Bxf3 16. Bxf3 Nc6
17. Bg2 Na5 18. Qc2 Nac4 19. Bf4 Rfc8 20. Rab1 Qb5 21. Nc3 Qb4
22. e5 c6 23. h4 e6 24. Ne4 Nd5 25. Bg5 Ncb6 26. Rbc1 Nd7
27. a3 Qf8 28. Qe2 Rc7 29. Rc2 h6 30. Bd2 Qe7 31. h5 g5
32. Kh2 f6 33. exf6 N7xf6 34. Nc5 Re8 35. Nxa4 Qf7 36. Bc3
Qxh5+ 37. Qxh5 Nxh5 38. Nc5 Nhf6 39. Re1 Rce7 40. Rce2 Kf7
41. Bh3 g4 42. Bg2 Nxc3 43. bxc3 Nd5 44. Bxd5 cxd5 45. Rb1 Ra8
46. Rb3 e5 47. Nxb7 Re6 48. Nc5 Rc6 49. Nd3 e4 50. Nf4 Ra5
51. Rb7+ Kg8 52. Reb2 Bf8 53. Rd7 Rd6 54. Rbb7 Rf6 55. Kg2 e3
56. fxe3 Rxa3 57. Rb2 Rd6 58. Rxd6 Bxd6 59. Nxd5 Kf7 60. e4
Bf8 61. Kf2 h5 62. Ke3 Bh6+ 63. Kd3 Ra1 64. Rb7+ Kf8 65. Rh7
Bg7 66. Nf4 Rg1 67. Nxh5 1-0

[Event "Bled Olympiad"]
[Site "Bled SLO"]
[Date "2002.10.30"]
[EventDate "2002.10.26"]
[Round "5"]
[Result "1/2-1/2"]
[White "David Navara"]
[Black "Vladimir Baklan"]
[WhiteElo "2567"]
[BlackElo "2607"]
[PlyCount "64"]

1. e4 e6 2. d4 d5 3. Nd2 c5 4. Ngf3 Nf6 5. exd5 exd5 6. Bb5+
Bd7 7. Bxd7+ Nbxd7 8. O-O Be7 9. dxc5 Nxc5 10. Nd4 Qd7 11. Qf3
O-O 12. Nf5 Bd8 13. Nb3 Nce4 14. Be3 Rc8 15. c3 Re8 16. Bd4 a6
17. Rfe1 Rc6 18. Re3 h6 19. Rae1 Kh7 20. Ng3 Bc7 21. Qd1 Ng4
22. R3e2 Rg6 23. Nc5 Qc6 24. c4 Nexf2 25. Bxf2 Nxf2 26. Qxd5
Rxe2 27. Rxe2 Bb6 28. Nd7 Ng4+ 29. Kh1 Nf2+ 30. Kg1 Ng4+
31. Kh1 Nf2+ 32. Kg1 Ng4+ 1/2-1/2

[Event "Bled Olympiad"]
[Site "Bled SLO"]
[Date "2002.10.30"]
[EventDate "2002.10.26"]
[Round "5"]
[Result "1/2-1/2"]
[White "Robert Ruck"]
[Black "Vasile Sanduleac"]
[WhiteElo "2572"]
[BlackElo "2471"]
[PlyCount "32"]

1. d4 d6 2. Nf3 Bg4 3. c4 Bxf3 4. exf3 c6 5. Nc3 Nf6 6. d5 g6
7. Bd3 Bg7 8. O-O O-O 9. Re1 Na6 10. f4 Qd7 11. Qf3 Nc5
12. Bc2 a5 13. f5 cxd5 14. cxd5 b5 15. Bg5 Rac8 16. Rac1 b4
1/2-1/2

[Event "Bled Olympiad"]
[Site "Bled SLO"]
[Date "2002.10.30"]
[EventDate "2002.10.26"]
[Round "5"]
[Result "1/2-1/2"]
[White "Liviu Dieter Nisipeanu"]
[Black "Josif D Dorfman"]
[WhiteElo "2613"]
[BlackElo "2617"]
[PlyCount "25"]

1. e4 c6 2. d4 d5 3. exd5 cxd5 4. c4 Nf6 5. Nc3 e6 6. Nf3 Bb4
7. cxd5 Nxd5 8. Qc2 Nd7 9. a3 Bxc3+ 10. bxc3 Qc7 11. Bd2 b6
12. Qc1 O-O 13. c4 1/2-1/2

[Event "Bled Olympiad"]
[Site "Bled SLO"]
[Date "2002.10.30"]
[EventDate "2002.10.26"]
[Round "5"]
[Result "0-1"]
[White "Anatoli Vaisser"]
[Black "Levente Vajda"]
[WhiteElo "2581"]
[BlackElo "2576"]
[PlyCount "72"]

1. d4 Nf6 2. c4 d6 3. Nc3 a6 4. Bg5 Nbd7 5. e4 e5 6. Nf3 Be7
7. Qc2 c6 8. Be2 Qc7 9. O-O Nf8 10. c5 exd4 11. Nxd4 dxc5
12. Nb3 Ne6 13. Be3 b5 14. f4 c4 15. Nd2 Bb7 16. b3 cxb3
17. Nxb3 c5 18. e5 Nd5 19. Nxd5 Bxd5 20. Rad1 Rd8 21. Bf3 Bxf3
22. Rxf3 c4 23. Nc1 Bc5 24. Rxd8+ Qxd8 25. Bxc5 Nxc5 26. h3
O-O 27. Kh2 f6 28. Qf2 Qd5 29. exf6 Rxf6 30. Ne2 b4 31. Re3
Ne6 32. g3 a5 33. Qe1 c3 34. Nc1 Qd2+ 35. Re2 Nd4 36. Kg2 b3
0-1

[Event "Bled Olympiad"]
[Site "Bled SLO"]
[Date "2002.10.30"]
[EventDate "2002.10.26"]
[Round "5"]
[Result "0-1"]
[White "Andrei Sokolov"]
[Black "Mihail Marin"]
[WhiteElo "2587"]
[BlackElo "2556"]
[PlyCount "98"]

1. e4 d6 2. d4 Nf6 3. Nc3 g6 4. Be3 c6 5. Qd2 Nbd7 6. Nf3 e5
7. Rd1 Qe7 8. Be2 Bg7 9. O-O O-O 10. Rfe1 Re8 11. Bc4 b5
12. Bb3 a5 13. Ng5 Rf8 14. a4 b4 15. Nb1 Ng4 16. Nxf7 Rxf7
17. Bg5 Bf6 18. Bxf6 Ngxf6 19. dxe5 dxe5 20. Qd6 Qxd6 21. Rxd6
Ne8 22. Rxc6 Bb7 23. Bxf7+ Kxf7 24. Rc4 Nd6 25. Rc7 Ke7
26. Nd2 Kd8 27. Rxb7 Nxb7 28. Nc4 Rc8 29. b3 Rxc4 30. bxc4
Nbc5 31. g3 Nb6 32. f4 Nxc4 33. Kf2 Nxa4 34. Ke2 Ke7 35. Kd3
Nab2+ 36. Ke2 a4 37. h4 a3 38. Ra1 Na4 39. Kd3 Nab2+ 40. Ke2
Na4 41. Kd3 Ncb2+ 42. Ke3 Nc3 43. fxe5 Nb5 44. Rf1 Nc4+
45. Kd3 Nxe5+ 46. Ke3 Ke6 47. Kd2 Nc4+ 48. Kd3 Nb2+ 49. Kd2
Nc3 0-1

[Event "Bled Olympiad"]
[Site "Bled SLO"]
[Date "2002.10.30"]
[EventDate "2002.10.26"]
[Round "5"]
[Result "1/2-1/2"]
[White "Walter Arencibia"]
[Black "Friso Nijboer"]
[WhiteElo "2521"]
[BlackElo "2556"]
[PlyCount "125"]

1. b3 Nf6 2. Bb2 d5 3. e3 g6 4. c4 dxc4 5. Bxc4 Bg7 6. Nf3 O-O
7. O-O c5 8. Qc1 Bg4 9. Ne5 Nbd7 10. Nxg4 Nxg4 11. Bxg7 Kxg7
12. Qb2+ Kg8 13. Nc3 Nde5 14. Be2 Nf6 15. Na4 Qd6 16. Rad1 Nc6
17. Rc1 b6 18. Rfd1 e5 19. a3 Rad8 20. Qc2 Ne7 21. Qc4 Ned5
22. Qa6 Nc7 23. Qc4 Ncd5 24. Nb2 Kg7 25. Bf1 h5 26. h3 Rd7
27. Qh4 Qe6 28. b4 cxb4 29. axb4 e4 30. b5 Rfd8 31. d3 exd3
32. Rxd3 Ne4 33. Rd4 Ndf6 34. Rxd7 Rxd7 35. Qf4 Rd2 36. Nd3 g5
37. Qe5 Qxe5 38. Nxe5 Rxf2 39. Ra1 Rf5 40. Nf3 Ng3 41. Bd3 Rc5
42. Rxa7 Rc1+ 43. Kf2 Nfe4+ 44. Bxe4 Nxe4+ 45. Ke2 Rb1 46. Kd3
Nc5+ 47. Kc4 Kf6 48. Rc7 Na4 49. Rc6+ Kf5 50. e4+ Kf4 51. Rf6+
Kxe4 52. Nxg5+ Ke5 53. Rxf7 Rc1+ 54. Kd3 Rc3+ 55. Ke2 Rg3
56. Nf3+ Ke6 57. Rh7 Rxg2+ 58. Ke3 Kd5 59. Rxh5+ Kc4 60. Nd2+
Kb4 61. Ne4 Nc5 62. Nd6 Rg6 63. Rh4+ 1/2-1/2

[Event "Bled Olympiad"]
[Site "Bled SLO"]
[Date "2002.10.30"]
[EventDate "2002.10.26"]
[Round "5"]
[Result "1/2-1/2"]
[White "Nenad Sulava"]
[Black "Baadur Jobava"]
[WhiteElo "2551"]
[BlackElo "2570"]
[PlyCount "116"]

1. Nf3 Nf6 2. c4 g6 3. Nc3 Bg7 4. d4 O-O 5. Bg5 h6 6. Bh4 d6
7. e3 Nbd7 8. Be2 e5 9. Qc2 c6 10. Rd1 Qe7 11. O-O g5 12. Bg3
Nh5 13. Bd3 Nxg3 14. hxg3 Nb6 15. b4 a5 16. bxa5 Rxa5 17. Rb1
g4 18. Nh4 Qd8 19. Rfd1 Be6 20. dxe5 Bxe5 21. Ne2 Nxc4
22. Bxc4 Rc5 23. Rb4 b5 24. Ng6 Bxc4 25. Nxf8 Qxf8 26. Nf4 Bf6
27. Nd3 Rg5 28. a4 d5 29. Rbb1 h5 30. axb5 cxb5 31. Nf4 b4
32. e4 b3 33. Qc1 b2 34. Qc2 Qa3 35. Nxd5 Bxd5 36. Rxd5 Rxd5
37. exd5 Be5 38. Qf5 Qc3 39. Kh2 Kf8 40. Rd1 h4 41. Qxg4 hxg3+
42. fxg3 Qc1 43. Qb4+ Kg8 44. Qb3 Bd4 45. Qb8+ Kh7 46. Rxd4
b1=Q 47. Rh4+ Kg6 48. Qg8+ Kf6 49. Rf4+ Ke5 50. Qg5+ f5
51. Qe7+ Kxd5 52. Qd7+ Ke5 53. Qg7+ Ke6 54. Qg8+ Ke7 55. Qg7+
Ke6 56. Qg8+ Kf6 57. Qf8+ Kg6 58. Qg8+ Kf6 1/2-1/2

[Event "Bled Olympiad"]
[Site "Bled SLO"]
[Date "2002.10.30"]
[EventDate "2002.10.26"]
[Round "5"]
[Result "1/2-1/2"]
[White "Ognjen Cvitan"]
[Black "Zurab Sturua"]
[WhiteElo "2562"]
[BlackElo "2536"]
[PlyCount "39"]

1. d4 e6 2. c4 Bb4+ 3. Bd2 a5 4. Nf3 d6 5. Nc3 Nf6 6. Qc2 Nc6
7. a3 Bxc3 8. Bxc3 d5 9. e3 O-O 10. Bd3 b6 11. O-O Ba6 12. Bd2
dxc4 13. Bxc4 Bxc4 14. Qxc4 Ne7 15. Rfc1 Ra7 16. b4 axb4
17. Bxb4 Nd7 18. Ne1 Re8 19. Nf3 Nf6 20. Ne1 1/2-1/2

[Event "Bled Olympiad"]
[Site "Bled SLO"]
[Date "2002.10.30"]
[EventDate "2002.10.26"]
[Round "5"]
[Result "1/2-1/2"]
[White "Mikhael Mchedlishvili"]
[Black "Robert Zelcic"]
[WhiteElo "2551"]
[BlackElo "2554"]
[PlyCount "53"]

1. d4 Nf6 2. c4 e6 3. Nf3 d5 4. Bg5 h6 5. Bxf6 Qxf6 6. Nc3 Bb4
7. cxd5 exd5 8. Qb3 Qd6 9. a3 Bxc3+ 10. Qxc3 O-O 11. e3 Bf5
12. Be2 Nd7 13. O-O a5 14. b4 axb4 15. axb4 c6 16. Rfc1 Rfc8
17. b5 Rxa1 18. Qxa1 c5 19. dxc5 Nxc5 20. Nd4 Bd7 21. Bf3 Ne4
22. h3 Rxc1+ 23. Qxc1 Ng5 24. Be2 Ne6 25. Nf3 b6 26. Qa1 Nc7
27. Nd4 1/2-1/2

[Event "Bled Olympiad"]
[Site "Bled SLO"]
[Date "2002.10.30"]
[EventDate "2002.10.26"]
[Round "5"]
[Result "0-1"]
[White "Marat Dzhumaev"]
[Black "Mikulas Manik"]
[WhiteElo "2495"]
[BlackElo "2419"]
[PlyCount "104"]

1. e4 c5 2. Nf3 e6 3. d3 Nc6 4. g3 g6 5. Bg2 Bg7 6. O-O Nge7
7. Re1 h6 8. Nc3 b6 9. d4 cxd4 10. Nb5 O-O 11. e5 Rb8 12. h4
Nf5 13. Bf4 Bb7 14. Nbxd4 Ncxd4 15. Nxd4 Nxd4 16. Qxd4 Bxg2
17. Kxg2 d5 18. c3 Rc8 19. Qd2 Kh7 20. h5 g5 21. Qd3+ Kg8
22. Bd2 Qc7 23. f4 gxf4 24. Bxf4 Rfd8 25. Rad1 Qc4 26. Qe3 Kh7
27. a3 Qb5 28. Re2 Rc4 29. Qd3+ Kg8 30. Qd2 Kh7 31. Qc2+ Kg8
32. Rd3 d4 33. Qd2 Kh7 34. Qc2 Kh8 35. Qd2 Kh7 36. Qc2 Kh8
37. Qd1 Rd5 38. cxd4 Rcxd4 39. Rxd4 Rxd4 40. Qc2 Qd5+ 41. Kf2
Rd3 42. Qc8+ Kh7 43. Qc2 Kg8 44. Qc8+ Bf8 45. Be3 Qh1 46. Qc4
Rd1 47. Rc2 Rg1 48. Ke2 Qxh5+ 49. Kd3 Rxg3 50. Qe4 Bc5 51. Rg2
Qd1+ 52. Kc3 Qd4+ 0-1

[Event "Bled Olympiad"]
[Site "Bled SLO"]
[Date "2002.10.30"]
[EventDate "2002.10.26"]
[Round "5"]
[Result "1-0"]
[White "Jan Markos"]
[Black "Saidali Iuldachev"]
[WhiteElo "2480"]
[BlackElo "2511"]
[PlyCount "71"]

1. d4 Nf6 2. c4 g6 3. Nc3 Bg7 4. e4 d6 5. Nf3 O-O 6. h3 e5
7. d5 a5 8. Bg5 Na6 9. Be2 Qe8 10. g4 Kh8 11. Nd2 Ng8 12. Nf1
f5 13. gxf5 gxf5 14. Ng3 Qg6 15. h4 Nf6 16. exf5 Bxf5 17. Qd2
h6 18. O-O-O Nc5 19. Nxf5 Qxf5 20. Bxh6 Bxh6 21. Qxh6+ Nh7
22. f3 Rf6 23. Qe3 Rg8 24. Rdg1 Rfg6 25. Rg4 Nf6 26. Rg5 Rxg5
27. hxg5+ Nh7 28. Na4 e4 29. Nxc5 dxc5 30. f4 Kg7 31. Rh4 Rf8
32. Qxc5 c6 33. Qd4+ Kg8 34. dxc6 bxc6 35. c5 Nxg5 36. Qg1 1-0

[Event "Bled Olympiad"]
[Site "Bled SLO"]
[Date "2002.10.30"]
[EventDate "2002.10.26"]
[Round "5"]
[Result "0-1"]
[White "Javad Maharramzade"]
[Black "Zhang Pengxiang"]
[WhiteElo "2469"]
[BlackElo "2547"]
[PlyCount "110"]

1. Nf3 Nf6 2. c4 c6 3. d4 d5 4. e3 a6 5. Bd3 g6 6. O-O Bg7
7. b3 O-O 8. Bb2 Bf5 9. Nc3 Nbd7 10. Rc1 Re8 11. cxd5 cxd5
12. Ne5 Bxd3 13. Qxd3 e6 14. Na4 Nxe5 15. dxe5 Nd7 16. f4 Bf8
17. Bd4 Rc8 18. Qd2 Qh4 19. Qa5 Nb8 20. Bc5 Bh6 21. Qb6 g5
22. Qxb7 Qh5 23. fxg5 Bxg5 24. Bd4 Rxc1 25. Rxc1 Qe2 26. Rf1
Bxe3+ 27. Bxe3 Qxe3+ 28. Kh1 Rf8 29. Qc7 Qe2 30. Kg1 Qe3+
31. Kh1 Qd3 32. Kg1 Qd4+ 33. Kh1 Qd3 34. Kg1 Qe3+ 35. Kh1 d4
36. h3 d3 37. Nc3 d2 38. Kh2 Qd4 39. Rf3 d1=Q 40. Nxd1 Qxd1
41. Qc4 Kh8 42. Qf4 Nd7 43. Qe4 Qc1 44. Qd4 Qc7 45. Re3 Rg8
46. Re4 Rg5 47. Qc4 Qxc4 48. Rxc4 Rxe5 49. Rc7 Rd5 50. Ra7 a5
51. a3 Ne5 52. Rb7 Kg7 53. b4 axb4 54. axb4 Nc4 55. Rc7 Nd6
0-1

[Event "Bled Olympiad"]
[Site "Bled SLO"]
[Date "2002.10.30"]
[EventDate "2002.10.26"]
[Round "5"]
[Result "1-0"]
[White "Sergei Azarov"]
[Black "Joerg Hickl"]
[WhiteElo "2520"]
[BlackElo "2605"]
[PlyCount "77"]

1. e4 g6 2. d4 Bg7 3. Nf3 d6 4. Nc3 Nf6 5. Be2 O-O 6. O-O c5
7. d5 Na6 8. Bf4 Nc7 9. a4 b6 10. Re1 Bb7 11. Bc4 a6 12. h3
Qd7 13. Qd3 Rad8 14. Rab1 e6 15. b4 exd5 16. exd5 b5 17. axb5
axb5 18. Nxb5 Bxd5 19. Nxd6 Qc6 20. Nxf7 Rxf7 21. Ne5 Qe8
22. Nxf7 Qxf7 23. Bxc7 Qxc7 24. b5 Qf7 25. b6 Rb8 26. Qg3 Qf8
27. Bxd5+ Nxd5 28. Re6 Bd4 29. b7 Kg7 30. Rc6 Nf4 31. Rc7+ Kh6
32. Re1 Nh5 33. Qh4 Bf6 34. Qc4 Bd8 35. Rd7 Qf5 36. Qf7 Nf6
37. Qg7+ Kg5 38. Rxd8 Rxd8 39. Qc7 1-0

[Event "Bled Olympiad"]
[Site "Bled SLO"]
[Date "2002.10.30"]
[EventDate "2002.10.26"]
[Round "5"]
[Result "1/2-1/2"]
[White "Alexander (Nenashev) Graf"]
[Black "Andrei Kovalev"]
[WhiteElo "2635"]
[BlackElo "2555"]
[PlyCount "128"]

1. d4 Nf6 2. c4 g6 3. Nc3 Bg7 4. e4 d6 5. f3 O-O 6. Be3 e5
7. Nge2 c6 8. Qd2 Nbd7 9. O-O-O a6 10. Kb1 b5 11. c5 exd4
12. Nxd4 Ne5 13. cxd6 Qxd6 14. Nb3 Qxd2 15. Rxd2 a5 16. Be2
Be6 17. Nc5 Bc4 18. b3 Bxe2 19. Nxe2 Rfd8 20. Rhd1 Rxd2
21. Rxd2 Bf8 22. Rc2 Re8 23. Bd4 Bxc5 24. Bxc5 Nfd7 25. Bd6 f5
26. exf5 gxf5 27. Nd4 a4 28. Nxc6 axb3 29. axb3 Nxc6 30. Rxc6
Re6 31. Rc8+ Kf7 32. Bg3 Re2 33. Rc2 Rxc2 34. Kxc2 Ke6 35. Kc3
Kd5 36. Bf2 Ne5 37. Be3 Nc6 38. b4 Ne5 39. Bh6 Ng6 40. Bg5 Ne5
41. Bf6 Nc6 42. Bg7 Ke6 43. Bf8 Kd5 44. Bg7 Ke6 45. Bh6 Kd5
46. Bf4 Nd4 47. Bg5 Nc6 48. h3 Ne5 49. Bf6 Ng6 50. g3 Ke6
51. Bg5 Ne5 52. f4 Nf3 53. Bh6 Kd5 54. g4 fxg4 55. hxg4 Nh2
56. g5 Ke4 57. f5 Kxf5 58. Kd4 Nf3+ 59. Kc5 Nxg5 60. Kxb5 Nf7
61. Bg7 h5 62. Bd4 h4 63. Bf2 Kg4 64. Bxh4 Kxh4 1/2-1/2

[Event "Bled Olympiad"]
[Site "Bled SLO"]
[Date "2002.10.30"]
[EventDate "2002.10.26"]
[Round "5"]
[Result "1-0"]
[White "Emanuel Berg"]
[Black "Larry Christiansen"]
[WhiteElo "2535"]
[BlackElo "2566"]
[PlyCount "114"]

1. e4 c5 2. Nf3 e6 3. d4 cxd4 4. Nxd4 Nf6 5. Nc3 Nc6 6. Ndb5
Bb4 7. a3 Bxc3+ 8. Nxc3 d5 9. exd5 Nxd5 10. Nxd5 Qxd5 11. Qxd5
exd5 12. Bd3 Ne5 13. Bf4 Nxd3+ 14. cxd3 Bf5 15. Kd2 Kd7
16. Rhe1 Rhe8 17. Rac1 Rac8 18. Rxc8 Rxc8 19. Re5 Be6 20. Rh5
h6 21. Be3 a6 22. Rh4 b5 23. Bd4 f6 24. Rf4 Ke7 25. h4 h5
26. f3 Rh8 27. Bc5+ Kd7 28. Kc3 Kc6 29. Bd4 a5 30. Bf2 Kd7
31. Kd2 f5 32. Bb6 Ra8 33. Ke3 Ra6 34. Bd4 g6 35. Bc3 Kd6
36. Rd4 Bf7 37. Kf4 Kc5 38. Kg5 Re6 39. Rf4 Re2 40. g4 b4
41. axb4+ axb4 42. Bxb4+ Kb5 43. Bc3 hxg4 44. fxg4 Be6 45. h5
fxg4 46. h6 Rh2 47. Kxg6 g3 48. h7 g2 49. Bd4 Rh1 50. Rf8 g1=Q
51. Bxg1 Rxg1+ 52. Kf6 Rf1+ 53. Ke7 Rh1 54. h8=Q Rxh8 55. Rxh8
Bf5 56. d4 Kc4 57. Kf6 Kxd4 1-0

[Event "Bled Olympiad"]
[Site "Bled SLO"]
[Date "2002.10.30"]
[EventDate "2002.10.26"]
[Round "5"]
[Result "1-0"]
[White "Vladimir Georgiev"]
[Black "Adrian Mikhalchishin"]
[WhiteElo "2501"]
[BlackElo "2542"]
[PlyCount "121"]

1. d4 Nf6 2. c4 e6 3. Nc3 Bb4 4. e3 O-O 5. Nf3 b6 6. Bd3 Bb7
7. O-O c5 8. Na4 cxd4 9. exd4 Re8 10. Bg5 h6 11. Bh4 Bxf3
12. Qxf3 Nc6 13. Bxf6 Qxf6 14. Qxf6 gxf6 15. d5 Ne5 16. Be2
Rac8 17. a3 Bf8 18. Rac1 Ng6 19. dxe6 dxe6 20. Rfd1 Red8
21. Rxd8 Rxd8 22. Kf1 f5 23. g3 Ne5 24. b4 Nc6 25. c5 bxc5
26. bxc5 Rb8 27. Rd1 Rb3 28. Rd3 Rxd3 29. Bxd3 Nd4 30. Ke1 Be7
31. Bc4 Kf8 32. Kd2 Nc6 33. Be2 Ke8 34. Kc3 Kd7 35. Kc4 Kc7
36. Bh5 a6 37. f4 Na5+ 38. Kb4 Nb7 39. Kc4 Na5+ 40. Kc3 Nb7
41. Kd4 Nd8 42. h3 Nc6+ 43. Kc4 Na5+ 44. Kc3 Nb7 45. Kd4 Nd8
46. Kc4 Kc6 47. Bf3+ Kc7 48. Nb2 Nc6 49. Nd3 Bf6 50. Bxc6 Kxc6
51. Ne5+ Bxe5 52. fxe5 Kd7 53. Kb4 Kc6 54. a4 h5 55. h4 Kd5
56. Ka5 Kxc5 57. Kxa6 Kc6 58. a5 Kc7 59. Kb5 Kb7 60. a6+ Ka7
61. Kc4 1-0

[Event "Bled Olympiad"]
[Site "Bled SLO"]
[Date "2002.10.30"]
[EventDate "2002.10.26"]
[Round "5"]
[Result "1/2-1/2"]
[White "Trajce Nedev"]
[Black "Dusko Pavasovic"]
[WhiteElo "2481"]
[BlackElo "2581"]
[PlyCount "45"]

1. e4 e5 2. Nf3 Nf6 3. Nxe5 d6 4. Nf3 Nxe4 5. d4 d5 6. Bd3 Nc6
7. O-O Be7 8. c4 Nb4 9. Be2 O-O 10. a3 Nc6 11. cxd5 Qxd5
12. Nc3 Nxc3 13. bxc3 Bf5 14. Re1 Rfe8 15. Bf4 Rac8 16. Bd3
Bxd3 17. Qxd3 h6 18. c4 Qd7 19. Rad1 Bd6 20. Be3 Rcd8 21. Qc3
Qf5 22. d5 Ne5 23. Nxe5 1/2-1/2

[Event "Bled Olympiad"]
[Site "Bled SLO"]
[Date "2002.10.30"]
[EventDate "2002.10.26"]
[Round "5"]
[Result "1/2-1/2"]
[White "Sarunas Sulskis"]
[Black "Surya Shekhar Ganguly"]
[WhiteElo "2576"]
[BlackElo "2531"]
[PlyCount "120"]

1. e4 e5 2. Nf3 Nc6 3. Bb5 a6 4. Ba4 Nf6 5. O-O b5 6. Bb3 Bc5
7. a4 Rb8 8. c3 d6 9. d4 Bb6 10. axb5 axb5 11. Na3 O-O
12. Nxb5 Bg4 13. Bc2 d5 14. exd5 Qxd5 15. dxe5 Qxb5 16. Ba4
Bxf3 17. Qxf3 Nxe5 18. Bxb5 Nxf3+ 19. gxf3 Bxf2+ 20. Rxf2 Rxb5
21. Bf4 Nd5 22. Bg3 Rb7 23. Re2 f5 24. Ra5 f4 25. Rxd5 fxg3
26. hxg3 Rxf3 27. Kg2 c6 28. Kxf3 cxd5 29. Rh2 Kf7 30. Ke3 h6
31. b4 Ke6 32. Ra2 Ke5 33. Ra8 Rc7 34. Kd3 Rf7 35. Ke3 Rc7
36. Re8+ Kd6 37. Kd3 Rf7 38. Kd4 Rf1 39. Rg8 Rd1+ 40. Ke3 Re1+
41. Kd2 Re7 42. Kd3 Rc7 43. Ra8 Ke5 44. Re8+ Kd6 45. Rd8+ Ke5
46. b5 h5 47. Rh8 g6 48. Re8+ Kf5 49. Re1 Rb7 50. Rb1 Ke5
51. c4 Kd6 52. Kd4 dxc4 53. Kxc4 Re7 54. Rd1+ Kc7 55. Rd5 Rg7
56. Rg5 Rh7 57. Kc5 h4 58. gxh4 Rxh4 59. Rxg6 Rh5+ 60. Kb4 Rh1
1/2-1/2

[Event "Bled Olympiad"]
[Site "Bled SLO"]
[Date "2002.10.30"]
[EventDate "2002.10.26"]
[Round "5"]
[Result "0-1"]
[White "Nurlan Ibraev"]
[Black "Richard Forster"]
[WhiteElo "2398"]
[BlackElo "2460"]
[PlyCount "66"]

1. Nf3 Nf6 2. c4 g6 3. Nc3 Bg7 4. e4 d6 5. d4 Bg4 6. Be2 O-O
7. Be3 a5 8. O-O Nfd7 9. Ne1 Bxe2 10. Qxe2 Nc6 11. Nc2 e5
12. dxe5 dxe5 13. Rad1 Qc8 14. Qg4 f5 15. Qh3 Nf6 16. exf5
Qxf5 17. Qxf5 gxf5 18. Nb5 Rf7 19. Bc5 a4 20. Ne3 Ne4 21. Ba3
Na5 22. f3 Bh6 23. Nxf5 Rxf5 24. fxe4 Rxf1+ 25. Kxf1 Nxc4
26. Nxc7 Rc8 27. Nd5 Kf7 28. Kg1 Nxa3 29. bxa3 Rc1 30. Rxc1
Bxc1 31. Nc3 Ke6 32. Nxa4 Be3+ 33. Kf1 Bd4 0-1

[Event "Bled Olympiad"]
[Site "Bled SLO"]
[Date "2002.10.30"]
[EventDate "2002.10.26"]
[Round "5"]
[Result "1/2-1/2"]
[White "Joseph G Gallagher"]
[Black "Evgeni Egorov"]
[WhiteElo "2540"]
[BlackElo "2446"]
[PlyCount "33"]

1. e4 Nc6 2. Nc3 e5 3. Nf3 Nf6 4. Bb5 Bc5 5. O-O Nd4 6. Ba4
Nxf3+ 7. Qxf3 c6 8. d3 d6 9. h3 a5 10. Bb3 Bd4 11. a4 Be6
12. Bxe6 fxe6 13. Ne2 Bb6 14. Be3 O-O 15. Qg3 Rf7 16. b3 Qc7
17. Bxb6 1/2-1/2

[Event "Bled Olympiad"]
[Site "Bled SLO"]
[Date "2002.10.30"]
[EventDate "2002.10.26"]
[Round "5"]
[Result "0-1"]
[White "Rustem Sadykov"]
[Black "Yannick Pelletier"]
[WhiteElo "2400"]
[BlackElo "2587"]
[PlyCount "88"]

1. e4 c5 2. Nf3 d6 3. d4 cxd4 4. Nxd4 Nf6 5. Nc3 a6 6. Be2 e5
7. Nb3 Be7 8. O-O O-O 9. Kh1 b6 10. Be3 Bb7 11. f3 b5 12. a4
b4 13. Nd5 Nxd5 14. exd5 Nd7 15. c4 bxc3 16. bxc3 Bg5 17. Bg1
Qc7 18. c4 Rab8 19. a5 Ba8 20. c5 dxc5 21. Bc4 Rb4 22. Qc2 Qd6
23. Rad1 Rfb8 24. Bf2 Qh6 25. Be1 R4b7 26. d6 Bf4 27. g3 Be3
28. Qd3 e4 29. Qd5 Nf6 30. Qf5 exf3 31. Bf2 Bxf2 32. Rxf2 Qe3
33. Kg1 Rxb3 34. d7 Rd8 35. Bxb3 Be4 36. Qf4 Qxb3 37. Rfd2 h5
38. h3 Bc6 39. Rd3 Qe6 40. g4 hxg4 41. Rd6 Qe2 42. R6d2 f2+
43. Qxf2 Qe4 44. Kh2 gxh3 0-1

[Event "Bled Olympiad"]
[Site "Bled SLO"]
[Date "2002.10.30"]
[EventDate "2002.10.26"]
[Round "5"]
[Result "1/2-1/2"]
[White "Awam Wahono"]
[Black "Julen Luis Arizmendi Martinez"]
[WhiteElo "2386"]
[BlackElo "2510"]
[PlyCount "27"]

1. Nf3 Nf6 2. g3 g6 3. Bg2 Bg7 4. O-O O-O 5. d3 d6 6. c4 Nc6
7. Nc3 Nh5 8. Bd2 f5 9. Qc1 e5 10. Bh6 f4 11. Bxg7 Kxg7 12. b4
Bg4 13. Qb2 Bxf3 14. Bxf3 1/2-1/2

[Event "Bled Olympiad"]
[Site "Bled SLO"]
[Date "2002.10.30"]
[EventDate "2002.10.26"]
[Round "5"]
[Result "1/2-1/2"]
[White "Cerdas Barus"]
[Black "Pablo San Segundo Carrillo"]
[WhiteElo "2479"]
[BlackElo "2523"]
[PlyCount "84"]

1. d4 Nf6 2. c4 e6 3. Nf3 b6 4. g3 Ba6 5. b3 Bb4+ 6. Bd2 Be7
7. Bg2 c6 8. Bc3 d5 9. Ne5 Nfd7 10. Nxd7 Nxd7 11. Nd2 O-O
12. O-O Nf6 13. e4 b5 14. e5 Nd7 15. c5 b4 16. Bxb4 Bxf1
17. Nxf1 f5 18. Ne3 Kh8 19. Nc2 g5 20. Bd2 g4 21. Nb4 Rc8
22. Nd3 Rf7 23. h4 gxh3 24. Bxh3 Nf8 25. b4 Ng6 26. Qh5 Qd7
27. a4 Rg8 28. Kh2 Bd8 29. Rb1 a6 30. Bh6 Qe8 31. Qe2 Ra7
32. Bg2 Rb7 33. Bf3 Qd7 34. Ne1 Ra7 35. Ng2 Be7 36. Qd2 Bd8
37. Be2 Qc8 38. Bd3 Be7 39. Qe2 Bd8 40. Rh1 Qb7 41. Rb1 Qc8
42. Qh5 Qd7 1/2-1/2

[Event "Bled Olympiad"]
[Site "Bled SLO"]
[Date "2002.10.30"]
[EventDate "2002.10.26"]
[Round "5"]
[Result "1/2-1/2"]
[White "Jordi Magem Badals"]
[Black "Susanto Megaranto"]
[WhiteElo "2506"]
[BlackElo "2420"]
[PlyCount "57"]

1. e4 c6 2. d4 d5 3. e5 Bf5 4. h4 h6 5. g4 Bd7 6. h5 e6 7. f4
c5 8. c3 Nc6 9. Nf3 Qb6 10. Rh2 cxd4 11. cxd4 Rc8 12. Be3 Nge7
13. b3 a5 14. Rc2 Rg8 15. Nc3 Nb4 16. Rcc1 g6 17. hxg6 Rxg6
18. Nh4 Rg8 19. a3 Na6 20. Na4 Qd8 21. Rxc8 Nxc8 22. Ng2 b5
23. Nc5 Nxc5 24. dxc5 Ne7 25. Bf2 Bc6 26. b4 a4 27. Rc1 Ng6
28. Rc3 Bg7 29. Bd4 1/2-1/2

[Event "Bled Olympiad"]
[Site "Bled SLO"]
[Date "2002.10.30"]
[EventDate "2002.10.26"]
[Round "5"]
[Result "0-1"]
[White "Jaime Alexander Cuartas Medina"]
[Black "Aleksandar Kovacevic"]
[WhiteElo "2435"]
[BlackElo "2546"]
[PlyCount "68"]

1. e4 c5 2. Nf3 d6 3. Bb5+ Nd7 4. d4 Ngf6 5. Nc3 a6 6. Bxd7+
Nxd7 7. O-O e6 8. Re1 Be7 9. Be3 O-O 10. Qd2 cxd4 11. Bxd4 b5
12. a4 bxa4 13. Rxa4 Bb7 14. Qe2 Rc8 15. Rd1 Qc7 16. Be3 Nb6
17. Ra2 Nc4 18. Bg5 f6 19. Bc1 Rfe8 20. Nd4 Bf8 21. Qg4 Qf7
22. Ra4 Rc7 23. f4 d5 24. exd5 exd5 25. Nce2 Bc5 26. Kf1 Rce7
27. Rxc4 dxc4 28. Nf5 Rxe2 29. Nh6+ Kf8 30. Be3 Bxe3 31. Nxf7
Rf2+ 32. Ke1 Rxf4 33. Qd7 Bf2+ 34. Kd2 Rd4+ 0-1

[Event "Bled Olympiad"]
[Site "Bled SLO"]
[Date "2002.10.30"]
[EventDate "2002.10.26"]
[Round "5"]
[Result "1-0"]
[White "Zlatko Ilincic"]
[Black "Mauricio Uribe"]
[WhiteElo "2527"]
[BlackElo "2364"]
[PlyCount "109"]

1. d4 e6 2. c4 Nf6 3. Nf3 d5 4. g3 dxc4 5. Bg2 Nc6 6. Qa4 Bb4+
7. Bd2 Nd5 8. Bxb4 Ndxb4 9. O-O Rb8 10. Nc3 a6 11. Ne5 O-O
12. Nxc6 Nxc6 13. Bxc6 bxc6 14. Qxc4 Qd6 15. Qc5 Rxb2 16. Rab1
Rc2 17. Qc4 Qa3 18. Rb3 Qxa2 19. Qb4 c5 20. dxc5 a5 21. Qb8
Rxc3 22. Rxc3 Qxe2 23. Qxc7 h5 24. Qxa5 h4 25. Re3 Qc4 26. Qc3
Qd5 27. Rd3 Qe4 28. Re1 Qc6 29. Rd6 Qc7 30. Red1 Bb7 31. c6
Ba8 32. gxh4 Rc8 33. Qd3 Bxc6 34. Rc1 Qb7 35. Rcxc6 Qxc6
36. Rxc6 Rxc6 37. Qd7 Rc1+ 38. Kg2 g6 39. h5 Rc5 40. Qd8+ Kh7
41. Qf6 Rxh5 42. Qxf7+ Kh6 43. Qxe6 Rg5+ 44. Kf3 Rh5 45. Kg3
Rg5+ 46. Kf4 Rh5 47. Qg8 Rf5+ 48. Ke3 Re5+ 49. Kd4 Rf5
50. Qh8+ Kg5 51. Ke3 Rf7 52. Qe8 Rf5 53. f4+ Rxf4 54. Qe7+ Kg4
55. h3+ 1-0